000 01532cam a2200241 4500
001 ABS63943
008 000000n2001 000 0 eng u
035 _a(Sirsi) u112947
100 _aTolson, S
245 _aInvasion of the bodysnatchers
260 _c2001
490 _aBuilding
_v266(8186) 25 May 2001, 54-55(2)
520 _aConsiders the right to adjudicate in the context of name-borrowing clauses in a construction management contracts. Name-borrowing originated from the 'green form', a contract for use by nominated subcontractors engaged by main contractors under the JCT63 and allowed the subcontractor to use the main contractor's name. The provisions in the green form were poorly drafted and any interpretation gave rise to difficulties. Questions why the latest edition of the JCT management contract has incorporated very similar provisions and discusses a current name-borrowing dispute where the relationship between the management contractor with its employer and works contractor has reached breaking point.
590 _aABS
650 _aNAME BORROWING
650 _aCONTRACTORS
650 _aSUBCONTRACTORS
650 _aMANAGEMENT CONTRACTS
650 _aBUILT ENVIRONMENT-BUILDING CONTRACT FORMS-STANDARD FORMS OF BUILDING CONTRACT-JOINT CONTRACTS TRIBNUAL CONTRACTS
650 _aMANAGEMENT-DISPUTE AVOIDANCE, MANAGEMENT AND RESOLUTION-DISPUTE MANAGEMENT AND RESOLUTION-ALTERNATIVE DISPUTE RESOLUTION-ADJUDICATION
690 _aBUILT ENVIRONMENT-BUILDING CONTRACT FORMS
942 _n0
999 _c67235
_d67235